[Event "Mittelrhein Verbandsliga-O 16/17"]
[Site "Nordrheinwestfalen"]
[Date "2017.04.09"]
[Round "10.7"]
[White "Raupach, Gregor"]
[Black "Weisshuhn, Gunnar"]
[Result "1/2-1/2"]
[WhiteElo "1858"]
[BlackElo "1940"]
[PlyCount "107"]
[EventDate "2016.09.11"]
[EventType "team-tourn"]
[EventRounds "11"]
[EventCountry "GER"]
[SourceTitle "EXT 2022"]
[Source "ChessBase"]
[SourceDate "2021.10.06"]
[SourceVersion "1"]
[SourceVersionDate "2021.10.06"]
[SourceQuality "1"]
[WhiteTeam "Bonn Stadtverwaltung"]
[BlackTeam "Euskirchen Turm"]
[WhiteTeamCountry "GER"]
[BlackTeamCountry "GER"]

1. d4 Nf6 2. c4 e6 3. Nc3 d5 4. Bf4 c6 5. e3 Nbd7 6. h3 Be7 7. Nf3 0-0 8. Be2 dxc4 9. Bxc4 b5 10. Bd3 Bb7 11. 0-0 a6 12. Ne4 Nxe4 13. Bxe4 Nf6 14. Bd3 Nd5 15. Bh2 Nb4 16. Be2 c5 17. a3 Nd5 18. dxc5 Bxc5 19. Qb3 Qb6 20. Be5 Rac8 21. Rfd1 Ne7 22. Bd4 Bd5 23. Qc3 Bxd4 24. Qxd4 Qxd4 25. Rxd4 Rc2 26. Rd2 Rfc8 27. Rad1 f6 28. Nd4 Rxd2 29. Rxd2 Kf7 30. f3 e5 31. Nc2 Bb3 32. Nb4 a5 33. Nd3 Bc4 34. Kf2 Ke6 35. Bd1 Nf5 36. Ne1 Nd6 37. e4 Ke7 38. Rc2 Be6 39. Rxc8 Nxc8 40. Be2 Na7 41. Nc2 Kd6 42. Ke1 Bb3 43. Ne3 Kc5 44. Kd2 Nc6 45. Nf5 g6 46. Ne3 h5 47. h4 Nd4 48. Bd3 Be6 49. Kc3 b4+ 50. axb4+ axb4+ 51. Kd2 g5 52. hxg5 fxg5 53. Be2 h4 54. Kd1 1/2-1/2

[Event "Mittelrhein Verbandsliga-O 15/16"]
[Site "Nordrheinwestfalen"]
[Date "2016.02.21"]
[Round "8"]
[White "Raupach, Gregor"]
[Black "Koenig, Christian"]
[Result "1-0"]
[WhiteElo "1919"]
[BlackElo "2021"]
[PlyCount "75"]
[EventDate "2015.09.06"]
[EventType "team-tourn"]
[EventRounds "11"]
[EventCountry "GER"]
[SourceTitle "EXT 2022"]
[Source "ChessBase"]
[SourceDate "2021.10.06"]
[SourceVersion "1"]
[SourceVersionDate "2021.10.06"]
[SourceQuality "1"]
[WhiteTeam "Troisdorf"]
[BlackTeam "Lohmar"]
[WhiteTeamCountry "GER"]
[BlackTeamCountry "GER"]

1. d4 d6 2. e4 Nf6 3. Bd3 Nc6 4. c3 e5 5. Ne2 g6 6. d5 Nb8 7. Ng3 c6 8. c4 cxd5 9. exd5 Nbd7 10. Nc3 Bg7 11. h4 Nc5 12. Bc2 Bd7 13. h5 Qb6 14. hxg6 hxg6 15. Rxh8+ Bxh8 16. Rb1 Ng4 17. Qe2 f5 18. b4 Na6 19. Na4 Bxa4 20. Bxa4+ Kf7 21. Rb3 Bf6 22. Bd7 Rh8 23. Ba3 Qd4 24. Bb2 Qf4 25. a3 e4 26. Rf3 exf3 27. Qe6+ Kg7 28. gxf3 Ne5 29. Kf1 Qxc4+ 30. Kg2 Qf4 31. Qxd6 Qxf3+ 32. Kg1 Qd1+ 33. Kg2 Qf3+ 34. Kg1 Qf4 35. Kg2 Rf8 36. Bxf5 gxf5 37. Nh5+ Kf7 38. Qxf6+ 1-0

[Event "Mittelrhein Verbandsliga-O 15/16"]
[Site "Nordrheinwestfalen"]
[Date "2016.01.10"]
[Round "6"]
[White "Raupach, Gregor"]
[Black "Schlicht, Markus"]
[Result "1/2-1/2"]
[WhiteElo "1919"]
[BlackElo "1892"]
[PlyCount "40"]
[EventDate "2015.09.06"]
[EventType "team-tourn"]
[EventRounds "11"]
[EventCountry "GER"]
[SourceTitle "EXT 2022"]
[Source "ChessBase"]
[SourceDate "2021.10.06"]
[SourceVersion "1"]
[SourceVersionDate "2021.10.06"]
[SourceQuality "1"]
[WhiteTeam "Troisdorf"]
[BlackTeam "Bruehl III"]
[WhiteTeamCountry "GER"]
[BlackTeamCountry "GER"]

1. d4 Nf6 2. c4 g6 3. Nc3 Bg7 4. e4 d6 5. f4 c5 6. Nf3 0-0 7. Be3 Ng4 8. Bg1 cxd4 9. Nxd4 Nc6 10. h3 Nf6 11. Qd2 Nxd4 12. Bxd4 e5 13. fxe5 dxe5 14. Bxe5 Qxd2+ 15. Kxd2 Nxe4+ 16. Nxe4 Bxe5 17. Kc2 Bf5 18. Bd3 Rac8 19. Rae1 Rfd8 20. b3 Rd4 1/2-1/2

[Event "Mittelrhein Verbandsliga-O 15/16"]
[Site "Nordrheinwestfalen"]
[Date "2015.09.27"]
[Round "2"]
[White "Raupach, Gregor"]
[Black "Wahl, Felix"]
[Result "0-1"]
[WhiteElo "1919"]
[BlackElo "2050"]
[PlyCount "60"]
[EventDate "2015.09.06"]
[EventType "team-tourn"]
[EventRounds "11"]
[EventCountry "GER"]
[SourceTitle "EXT 2022"]
[Source "ChessBase"]
[SourceDate "2021.10.06"]
[SourceVersion "1"]
[SourceVersionDate "2021.10.06"]
[SourceQuality "1"]
[WhiteTeam "Troisdorf"]
[BlackTeam "Bonn Stadtverwaltung"]
[WhiteTeamCountry "GER"]
[BlackTeamCountry "GER"]

1. d4 d5 2. Nf3 Nf6 3. Bf4 c5 4. e3 Qb6 5. b3 Nc6 6. Be2 cxd4 7. exd4 Bf5 8. 0-0 e6 9. Nc3 Rc8 10. Na4 Qa5 11. c4 Ba3 12. Ne5 Nxe5 13. Bxe5 0-0 14. Bxf6 gxf6 15. f4 dxc4 16. bxc4 b5 17. Rf3 Bb4 18. Nc5 Bxc5 19. dxc5 bxc4 20. Qd4 Qxc5 21. Qxc5 Rxc5 22. Rc3 Rd8 23. Rac1 Rd4 24. g3 Be4 25. Bxc4 Rd2 26. h4 Rg2+ 27. Kf1 Rh2 28. Kg1 Rh1+ 29. Kf2 Rxc1 30. Rxc1 Bd5 0-1

[Event "Mittelrhein Verbandsliga Ost 1415"]
[Site "Mittelrhein"]
[Date "2014.12.07"]
[Round "5.1"]
[White "Raupach, Gregor"]
[Black "Borovikov, Vladislav"]
[Result "0-1"]
[WhiteElo "1965"]
[BlackElo "2538"]
[PlyCount "60"]
[EventDate "2014.09.07"]
[EventType "team-tourn"]
[EventRounds "11"]
[EventCountry "GER"]
[SourceTitle "EXT 2023"]
[Source "ChessBase"]
[SourceDate "2022.10.05"]
[SourceVersion "1"]
[SourceVersionDate "2022.10.05"]
[SourceQuality "1"]
[WhiteTeam "Troisdorf"]
[BlackTeam "Siegburg"]
[WhiteTeamCountry "GER"]
[BlackTeamCountry "GER"]

1. d4 d5 2. Bf4 Nf6 3. Nd2 c5 4. Ngf3 cxd4 5. Nxd4 Nc6 6. N2f3 g6 7. Ne5 Bg7 8. Nexc6 bxc6 9. c3 c5 10. Nf3 0-0 11. g3 Qb6 12. Qb3 Ne4 13. Qxb6 axb6 14. Be5 f6 15. Bf4 e5 16. Bd2 Be6 17. Bg2 Nd6 18. h4 e4 19. Ng1 Nc4 20. b3 Nxd2 21. Kxd2 Ra3 22. Nh3 Rfa8 23. Rhc1 f5 24. Nf4 Bf7 25. e3 d4 26. exd4 cxd4 27. cxd4 Bxd4 28. Rab1 Rxa2+ 29. Ke1 Bxf2+ 30. Kf1 Bxg3 0-1

[Event "Troisdorf op"]
[Site "Troisdorf"]
[Date "2014.11.25"]
[Round "6"]
[White "Schott, Guido"]
[Black "Raupach, Gregor"]
[Result "1/2-1/2"]
[WhiteElo "2146"]
[BlackElo "2021"]
[PlyCount "85"]
[EventDate "2014.10.21"]
[EventType "swiss"]
[EventRounds "7"]
[EventCountry "GER"]
[SourceTitle "EXT 2016"]
[Source "ChessBase"]
[SourceDate "2015.10.08"]
[SourceVersion "1"]
[SourceVersionDate "2015.10.08"]
[SourceQuality "1"]

1. e4 d6 2. d4 Nd7 3. Nf3 e5 4. Bd3 exd4 5. Nxd4 Nc5 6. 0-0 Be7 7. c4 Bf6 8. Bc2 Ne7 9. Nc3 0-0 10. Be3 Re8 11. Qd2 Ne6 12. Nde2 Nc6 13. f4 b6 14. Nd5 Bb7 15. Rad1 Na5 16. b3 Bc6 17. f5 Bxd5 18. Qxd5 Nc5 19. Ng3 Re5 20. Qd2 Nd7 21. Nh5 Qf8 22. Nxf6+ Nxf6 23. Bd4 Ree8 24. Bxf6 gxf6 25. Qd5 Re5 26. Qd3 Rae8 27. Rf4 Qg7 28. Qh3 Kf8 29. Rg4 Qh8 30. Qh6+ Ke7 31. Rg7 Nc6 32. a3 Ra5 33. a4 Nb4 34. Bb1 Rc5 35. Rxh7 Qf8 36. Qh4 Qg8 37. Qh5 Rf8 38. Rf1 Qg5 39. Qxg5 fxg5 40. f6+ Ke6 41. h4 gxh4 42. Rxh4 Rg5 43. Rhf4 1/2-1/2

[Event "Mittelrhein Verbandsliga Ost 1415"]
[Site "Mittelrhein"]
[Date "2014.11.09"]
[Round "4.1"]
[White "Di Franco, Patricio"]
[Black "Raupach, Gregor"]
[Result "1-0"]
[WhiteElo "2062"]
[BlackElo "1943"]
[PlyCount "67"]
[EventDate "2014.09.07"]
[EventType "team-tourn"]
[EventRounds "11"]
[EventCountry "GER"]
[SourceTitle "EXT 2023"]
[Source "ChessBase"]
[SourceDate "2022.10.05"]
[SourceVersion "1"]
[SourceVersionDate "2022.10.05"]
[SourceQuality "1"]
[WhiteTeam "Koeln Lasker II"]
[BlackTeam "Troisdorf"]
[WhiteTeamCountry "GER"]
[BlackTeamCountry "GER"]

1. d4 Nf6 2. c4 e6 3. Nc3 d5 4. Nf3 c5 5. cxd5 Nxd5 6. e4 Nxc3 7. bxc3 cxd4 8. cxd4 Bb4+ 9. Bd2 Qa5 10. Rb1 Bxd2+ 11. Qxd2 Qxd2+ 12. Kxd2 Ke7 13. Bb5 a6 14. Bd3 Rd8 15. Ke3 Nc6 16. Rhc1 f6 17. Rb6 Rd6 18. Rcb1 g6 19. h4 e5 20. d5 Na5 21. Nd2 Bd7 22. Rxd6 Kxd6 23. Rb6+ Kc5 24. Rxf6 b5 25. Rf7 Ra7 26. Rxh7 Nc4+ 27. Nxc4 bxc4 28. Be2 Rb7 29. Bg4 Rb2 30. Rxd7 Rxa2 31. Rc7+ Kb4 32. d6 Ra3+ 33. Ke2 Rd3 34. d7 1-0

[Event "Mittelrhein Verbandsliga Ost 1314"]
[Site "Mittelrhein"]
[Date "2013.12.15"]
[Round "5.1"]
[White "Raupach, Gregor"]
[Black "Riemann, Claus"]
[Result "0-1"]
[WhiteElo "1926"]
[BlackElo "2121"]
[PlyCount "118"]
[EventDate "2013.09.15"]
[EventType "team-tourn"]
[EventRounds "11"]
[EventCountry "GER"]
[SourceTitle "EXT 2023"]
[Source "ChessBase"]
[SourceDate "2022.10.05"]
[SourceVersion "1"]
[SourceVersionDate "2022.10.05"]
[SourceQuality "1"]
[WhiteTeam "Bergische SF II"]
[BlackTeam "Bonn Empor Maulwurf"]
[WhiteTeamCountry "GER"]
[BlackTeamCountry "GER"]

1. d4 f5 2. g3 g6 3. Bg2 Nf6 4. Nd2 Bg7 5. e4 fxe4 6. Nxe4 Nxe4 7. Bxe4 d5 8. Bg2 Nc6 9. c3 e5 10. dxe5 Nxe5 11. Qxd5 Qe7 12. Be3 c6 13. Qd2 0-0 14. 0-0-0 Bf5 15. Qd6 Qxd6 16. Rxd6 Nc4 17. Rd1 Nxe3 18. fxe3 Bh6 19. Kd2 Bg4 20. Rf1 Rad8+ 21. Kc2 Rxf1 22. Bxf1 Bf5+ 23. Kb3 Be4 24. Bc4+ Kg7 25. Nf3 Bxf3 26. Rf1 Bd5 27. e4 Bxc4+ 28. Kxc4 Bg5 29. b4 Bf6 30. Rf2 Rd1 31. a4 Rc1 32. Rf3 b5+ 33. axb5 cxb5+ 34. Kxb5 Rxc3 35. Rf2 Re3 36. Ra2 Bd4 37. Kc4 Bb6 38. Kd5 Kf6 39. Rf2+ Ke7 40. Rd2 Rb3 41. Kc4 Rf3 42. Rd5 Ke6 43. Kb5 Re3 44. Kc6 Rxe4 45. Rd6+ Ke5 46. Rd5+ Kf6 47. h3 h5 48. Rd1 Rxb4 49. Rf1+ Ke5 50. Rf8 Rb3 51. g4 Rxh3 52. gxh5 Rxh5 53. Kb5 Rf5 54. Rg8 g5 55. Kc4 Kf4 56. Kd3 Kf3 57. Kd2 g4 58. Ke1 Be3 59. Rg7 Rc5 0-1

[Event "Troisdorf op"]
[Site "Troisdorf"]
[Date "2012.11.13"]
[Round "4"]
[White "Raupach, Gregor"]
[Black "Schilcher, Adrian"]
[Result "1-0"]
[WhiteElo "2026"]
[BlackElo "1814"]
[PlyCount "97"]
[EventDate "2012.10.23"]
[EventType "swiss"]
[EventRounds "7"]
[EventCountry "GER"]
[SourceTitle "EXT 2014"]
[Source "ChessBase"]
[SourceDate "2013.11.20"]
[SourceVersion "1"]
[SourceVersionDate "2013.11.20"]
[SourceQuality "1"]

1. d4 Nf6 2. c4 e6 3. Nc3 Bb4 4. Qc2 0-0 5. e4 d6 6. Bd3 Bxc3+ 7. Qxc3 e5 8. Ne2 c5 9. d5 h6 10. Bd2 Re8 11. Bc2 a6 12. a4 Bg4 13. Ng3 Nbd7 14. h3 Bh5 15. Nxh5 Nxh5 16. Qf3 Nf4 17. b4 b6 18. g3 Ng6 19. a5 bxa5 20. bxc5 Nxc5 21. Bxa5 Qc8 22. Qg4 Nf8 23. Qxc8 Rexc8 24. Kd2 Nfd7 25. Rhb1 Kf8 26. Ke3 Rab8 27. Bd1 Ke7 28. Bb4 Rb7 29. Bxc5 Nxc5 30. Rxb7+ Nxb7 31. Rxa6 Rxc4 32. Ra7 Rb4 33. Ba4 Kd8 34. Bc6 Rb3+ 35. Ke2 Kc7 36. Be8 Kb8 37. Ra6 f6 38. Bg6 Rb5 39. Kf3 Ra5 40. Rb6 Kc7 41. Rb2 Nc5 42. Kg4 Ra8 43. Kh5 Nd7 44. Rc2+ Kd8 45. Rc6 Ke7 46. Rc7 Kd8 47. Rc6 Ke7 48. Bf5 Ra7 49. Kg6 1-0

[Event "Troisdorf op"]
[Site "Troisdorf"]
[Date "2012.10.23"]
[Round "1"]
[White "Trube, Dieter"]
[Black "Raupach, Gregor"]
[Result "0-1"]
[WhiteElo "2008"]
[BlackElo "2026"]
[PlyCount "88"]
[EventDate "2012.10.23"]
[EventType "swiss"]
[EventRounds "7"]
[EventCountry "GER"]
[SourceTitle "EXT 2014"]
[Source "ChessBase"]
[SourceDate "2013.11.20"]
[SourceVersion "1"]
[SourceVersionDate "2013.11.20"]
[SourceQuality "1"]

1. e4 e6 2. d4 c5 3. c3 cxd4 4. cxd4 Nf6 5. Nc3 Bb4 6. Bd3 Nc6 7. Nf3 Qb6 8. Be3 Ng4 9. 0-0 Be7 10. b3 Nb4 11. Be2 0-0 12. Bf4 d6 13. Qd2 Rd8 14. Na4 Qa5 15. a3 Nc6 16. Qxa5 Nxa5 17. b4 Bd7 18. Nc3 Rac8 19. Nd1 Nc4 20. Nd2 Nxd2 21. Bxd2 Rc2 22. Bxg4 Rxd2 23. d5 exd5 24. Bxd7 Rxd7 25. exd5 Rxd5 26. Ne3 Rd3 27. Rfd1 Rxd1+ 28. Rxd1 Kf8 29. Kf1 Rc7 30. Ke2 Ke8 31. Kd3 Kd7 32. Nd5 Rc6 33. Re1 Bd8 34. Re3 Rc1 35. Kd2 Rb1 36. Kc2 Ra1 37. Rf3 Kc6 38. Kb2 Rg1 39. Ne3 Bf6+ 40. Kc2 h5 41. g3 Ra1 42. Kb3 Rb1+ 43. Kc2 Rb2+ 44. Kc1 Rb3 0-1

[Event "Cologne Ford op"]
[Site "Cologne"]
[Date "2009.05.18"]
[Round "4"]
[White "Raupach, Gregor"]
[Black "Lommen, Frank"]
[Result "1/2-1/2"]
[WhiteElo "1923"]
[BlackElo "1947"]
[PlyCount "24"]
[EventDate "2009.04.27"]
[EventType "swiss"]
[EventRounds "7"]
[EventCountry "GER"]
[SourceTitle "EXT 2011"]
[Source "ChessBase"]
[SourceDate "2010.11.26"]
[SourceVersion "1"]
[SourceVersionDate "2010.11.26"]
[SourceQuality "1"]

1. d4 d6 2. e4 Nf6 3. f3 d5 4. Nc3 dxe4 5. fxe4 e5 6. dxe5 Qxd1+ 7. Kxd1 Ng4 8. Nh3 Nxe5 9. Bf4 Nbc6 10. Nb5 Kd8 11. c3 Bd7 12. Nf2 a6 1/2-1/2

[Event "Cologne Ford op"]
[Site "Cologne"]
[Date "2009.05.11"]
[Round "3"]
[White "Hirth, Ulrich"]
[Black "Raupach, Gregor"]
[Result "0-1"]
[WhiteElo "2037"]
[BlackElo "1923"]
[PlyCount "150"]
[EventDate "2009.04.27"]
[EventType "swiss"]
[EventRounds "7"]
[EventCountry "GER"]
[SourceTitle "EXT 2011"]
[Source "ChessBase"]
[SourceDate "2010.11.26"]
[SourceVersion "1"]
[SourceVersionDate "2010.11.26"]
[SourceQuality "1"]

1. d4 Nf6 2. Bf4 e6 3. e3 c5 4. c3 cxd4 5. exd4 Nc6 6. Nf3 a6 7. Bd3 b5 8. a3 Bb7 9. 0-0 Nd5 10. Bg3 g5 11. Ne5 Nf4 12. Bxf4 gxf4 13. Qh5 Qf6 14. Nd2 Qg7 15. Be4 d5 16. Bf3 Nxe5 17. Qxe5 Qxe5 18. dxe5 Rc8 19. Nb3 Ke7 20. Nd4 Rg8 21. Rfe1 Kd7 22. Kf1 Rg5 23. h4 Rg8 24. Re2 Be7 25. h5 h6 26. Ke1 Kc7 27. Kd2 Kb6 28. b4 Rc7 29. Ree1 Bh4 30. Rf1 Rgc8 31. Rac1 Bg5 32. Rh1 Rc4 33. Rc2 Kc7 34. Kd3 Kb6 35. Re1 Be7 36. Bg4 Bh4 37. Rec1 Ka7 38. Ra2 Bd8 39. a4 Bb6 40. Ne2 bxa4 41. Rxa4 Bc6 42. Ra3 Bb5 43. Kc2 Bxf2 44. Rd1 Re4 45. Nc1 Rxe5 46. Nd3 Bxd3+ 47. Kxd3 d4 48. Rda1 Rxc3+ 49. Rxc3 dxc3 50. Kxc3 Kb6 51. Ra2 Be1+ 52. Kb3 Rb5 53. Ra4 a5 54. Be2 Rf5 55. bxa5+ Bxa5 56. Bf3 e5 57. Re4 Bd2 58. Kc4 Be3 59. Kd5 Bd4 60. Kd6 Rg5 61. Ke7 f5 62. Re1 e4 63. Rb1+ Kc5 64. Rc1+ Kd5 65. Bd1 Rxg2 66. Bb3+ Ke5 67. Rc6 f3 68. Rxh6 Rg7+ 69. Kf8 Kf4 70. Rc6 Rh7 71. Bf7 e3 72. Bg6 Rh8+ 73. Kf7 e2 74. Rc4 e1Q 75. Rxd4+ Kg5 0-1

[Event "Bergisch Gladbach-ch"]
[Site "Bergisch Gladbach"]
[Date "2008.09.26"]
[Round "7"]
[White "Raupach, Gregor"]
[Black "Karwatzki, Hans Juergen"]
[Result "1-0"]
[WhiteElo "1905"]
[BlackElo "1674"]
[PlyCount "131"]
[EventDate "2008.08.15"]
[EventType "swiss"]
[EventRounds "7"]
[EventCountry "GER"]
[SourceTitle "EXT 2011"]
[Source "ChessBase"]
[SourceDate "2010.11.26"]
[SourceVersion "1"]
[SourceVersionDate "2010.11.26"]
[SourceQuality "1"]

1. d4 d5 2. g3 Nf6 3. Bg2 e6 4. Bg5 h6 5. Bxf6 Qxf6 6. e4 dxe4 7. Bxe4 c5 8. Ne2 Nc6 9. Bxc6+ bxc6 10. c4 cxd4 11. Qxd4 Qf3 12. Rf1 Bb4+ 13. Nbc3 0-0 14. 0-0-0 Ba6 15. a3 Be7 16. b3 Rfd8 17. Qe4 Qxe4 18. Nxe4 f5 19. N4c3 Bf6 20. Kc2 e5 21. h4 Be7 22. a4 Rab8 23. Nc1 e4 24. N1e2 Bf6 25. Nf4 g5 26. hxg5 hxg5 27. Ne6 Rd3 28. Rxd3 exd3+ 29. Kxd3 Rxb3 30. Rc1 Rb4 31. Nd1 Rxa4 32. Ne3 Ra3+ 33. Ke2 Bc8 34. Nc5 f4 35. gxf4 Ra2+ 36. Kf3 gxf4 37. Rg1+ Kf7 38. Ng4 Bg7 39. Ne4 Bxg4+ 40. Rxg4 Bh6 41. Rh4 Kg6 42. Rh1 Rc2 43. Rg1+ Kf7 44. Ra1 Kg6 45. c5 Bf8 46. Ra6 Kf5 47. Rxc6 Bg7 48. Rc7 Bd4 49. Rxa7 Be5 50. Rd7 Ke6 51. Rd3 Rc4 52. Rd2 Bc7 53. Rd1 Be5 54. Rd8 Bc7 55. Rh8 Kd5 56. Rc8 Be5 57. Ng5 Rc3+ 58. Kg4 Bd6 59. Rd8 Rxc5 60. Rxd6+ Kxd6 61. Ne4+ Kd5 62. Nxc5 Kxc5 63. Kxf4 Kd6 64. Kf5 Ke7 65. Kg6 Kf8 66. Kf6 1-0

[Event "Cologne-ch 55th"]
[Site "Cologne"]
[Date "2008.03.04"]
[Round "5"]
[White "Raupach, Gregor"]
[Black "Bonnmann, Reinhard"]
[Result "0-1"]
[WhiteElo "2104"]
[BlackElo "2238"]
[PlyCount "78"]
[EventDate "2008.01.29"]
[EventType "swiss"]
[EventRounds "7"]
[EventCountry "GER"]
[SourceTitle "EXT 2010"]
[Source "ChessBase"]
[SourceDate "2010.11.25"]
[SourceVersion "1"]
[SourceVersionDate "2010.11.25"]
[SourceQuality "1"]

1. d4 Nf6 2. c4 g6 3. Nc3 Bg7 4. e4 d6 5. f3 0-0 6. Nge2 Nc6 7. Be3 Rb8 8. Qc2 a6 9. Rd1 b5 10. c5 dxc5 11. dxc5 Bd7 12. Nf4 e6 13. h4 Qe7 14. g3 Ne5 15. Be2 Bc6 16. b4 Nc4 17. Bc1 Nd7 18. Ng2 f5 19. Bg5 Bf6 20. Bxf6 Nxf6 21. 0-0 Nh5 22. Kh2 f4 23. gxf4 Nxf4 24. Bxc4 bxc4 25. a3 Nxg2 26. Qxg2 Rf4 27. Ne2 Rxh4+ 28. Kg1 e5 29. Ng3 Qg5 30. Kf2 Rd8 31. Ne2 Qf6 32. Ke3 Rd3+ 33. Rxd3 cxd3 34. Kxd3 Bb5+ 35. Kc3 Qe6 36. Rf2 Qa2 37. Nc1 Qa1+ 38. Kd2 Qb2+ 39. Kd1 Ba4+ 0-1

[Event "Bergisch Gladbach-ch"]
[Site "Bergisch Gladbach"]
[Date "2007.09.07"]
[Round "3"]
[White "Krause, Thomas"]
[Black "Raupach, Gregor"]
[Result "1/2-1/2"]
[WhiteElo "2115"]
[BlackElo "1926"]
[PlyCount "130"]
[EventDate "2007.08.24"]
[EventType "swiss"]
[EventRounds "7"]
[EventCountry "GER"]
[SourceTitle "EXT 2011"]
[Source "ChessBase"]
[SourceDate "2010.11.26"]
[SourceVersion "1"]
[SourceVersionDate "2010.11.26"]
[SourceQuality "1"]

1. d4 Nf6 2. Nf3 e6 3. c4 d5 4. Nc3 c5 5. cxd5 Nxd5 6. e4 Nxc3 7. bxc3 cxd4 8. Bb5+ Bd7 9. Bxd7+ Nxd7 10. cxd4 Bb4+ 11. Bd2 Qa5 12. 0-0 0-0 13. Bxb4 Qxb4 14. Rb1 Qc4 15. Qd2 b6 16. e5 Rac8 17. Ng5 Qd5 18. Rfe1 f6 19. exf6 Rxf6 20. f3 Rc4 21. Rbd1 h6 22. Ne4 Rf8 23. Qd3 e5 24. dxe5 Qxd3 25. Rxd3 Nxe5 26. Ra3 Rc7 27. Nd6 Nc6 28. Rc1 Rd8 29. Nf5 Kh7 30. Rac3 Rf7 31. Nxh6 Kxh6 32. Rxc6+ g6 33. R1c2 Rd3 34. R6c3 Rd5 35. Kf2 b5 36. Rc5 Rff5 37. Rxd5 Rxd5 38. Ke3 b4 39. Ke4 Rd7 40. Ke5 a5 41. Ke4 a4 42. Ke3 Rd1 43. h4 Kg7 44. Rc7+ Kf6 45. Rc6+ Kf7 46. Ra6 a3 47. Ra4 Rb1 48. Kf4 Ke6 49. Kg5 Rb2 50. g4 Kd5 51. Kxg6 Kc4 52. h5 Rxa2 53. h6 Rh2 54. h7 Kb3 55. Ra5 a2 56. f4 Rh4 57. f5 Rxg4+ 58. Kh5 Rg1 59. f6 a1Q 60. Rxa1 Rxa1 61. f7 Ra8 62. Kg6 Kc2 63. Kg7 b3 64. f8Q Rxf8 65. Kxf8 b2 1/2-1/2

[Event "Bergisch Gladbach-ch"]
[Site "Bergisch Gladbach"]
[Date "2007.08.24"]
[Round "1"]
[White "Zimmermann, Ruth"]
[Black "Raupach, Gregor"]
[Result "0-1"]
[WhiteElo "1519"]
[BlackElo "1926"]
[PlyCount "24"]
[EventDate "2007.08.24"]
[EventType "swiss"]
[EventRounds "7"]
[EventCountry "GER"]
[SourceTitle "EXT 2011"]
[Source "ChessBase"]
[SourceDate "2010.11.26"]
[SourceVersion "1"]
[SourceVersionDate "2010.11.26"]
[SourceQuality "1"]

1. d4 Nf6 2. Nf3 e6 3. c4 d5 4. Nc3 c5 5. Bg5 cxd4 6. Nxd4 e5 7. Nf3 d4 8. Ne4 Nxe4 9. Bxd8 Bb4+ 10. Nd2 Bxd2+ 11. Qxd2 Nxd2 12. Kxd2 Kxd8 0-1

[Event "Bergisch Gladbach-ch"]
[Site "Bergisch Gladbach"]
[Date "2006.10.06"]
[Round "7"]
[White "Sockel, Karl Heinz"]
[Black "Raupach, Gregor"]
[Result "0-1"]
[WhiteElo "1891"]
[BlackElo "1829"]
[PlyCount "52"]
[EventDate "2006.08.25"]
[EventType "swiss"]
[EventRounds "7"]
[EventCountry "GER"]
[SourceTitle "EXT 2008"]
[Source "ChessBase"]
[SourceDate "2007.11.25"]
[SourceVersion "1"]
[SourceVersionDate "2007.11.25"]
[SourceQuality "1"]

1. c4 e5 2. Nc3 b6 3. d3 f5 4. Nf3 Nc6 5. g3 Bb7 6. Bg2 g6 7. Nxe5 Nxe5 8. Bxb7 Rb8 9. Bg2 Bg7 10. Bf4 g5 11. Bd2 c6 12. Qa4 a5 13. d4 Ng6 14. d5 b5 15. cxb5 cxb5 16. Qc2 Qf6 17. 0-0 N8e7 18. Qd3 Ne5 19. Qc2 Nc8 20. Nd1 b4 21. Qc7 Qb6 22. Qxb6 Nxb6 23. Bxg5 Nbc4 24. Rb1 0-0 25. b3 Na3 26. Bf4 Nxb1 0-1

[Event "Troisdorf op"]
[Site "Troisdorf"]
[Date "2005.10.18"]
[Round "1.16"]
[White "Hiendl, Robert"]
[Black "Raupach, Gregor"]
[Result "0-1"]
[WhiteElo "1526"]
[BlackElo "1893"]
[PlyCount "84"]
[EventDate "2005.10.18"]
[EventType "swiss"]
[EventRounds "7"]
[EventCountry "GER"]
[SourceTitle "EXT 2006"]
[Source "ChessBase"]
[SourceDate "2005.11.24"]
[SourceVersion "1"]
[SourceVersionDate "2005.11.24"]
[SourceQuality "1"]

1. e4 c5 2. Nf3 Nc6 3. d4 cxd4 4. c3 dxc3 5. Nxc3 e6 6. Bc4 Bb4 7. 0-0 Bxc3 8. bxc3 Qa5 9. Bb2 Nge7 10. Qe2 0-0 11. Rad1 Ng6 12. Rfe1 Nce5 13. Bb3 b6 14. c4 Ng4 15. h3 Nf4 16. Qd2 Qxd2 17. Rxd2 Nh6 18. Be5 Ng6 19. Bd6 Re8 20. c5 f6 21. cxb6 axb6 22. Bc7 b5 23. Rc1 Nf8 24. Bd6 Nf7 25. Bxf8 Kxf8 26. Nd4 Rb8 27. f4 Rb6 28. Rc5 Nd6 29. Rdc2 Ba6 30. e5 Ne4 31. Rc7 d5 32. exd6 Rxd6 33. Nf5 Rd1+ 34. Kh2 g6 35. Ng7 Nd2 36. Rxd2 Rxd2 37. Nxe8 Kxe8 38. Bxe6 b4 39. Rxh7 Bf1 40. Rg7 Bxg2 41. Kg1 Be4 42. Rb7 Bb1 0-1

[Event "Bergisch Gladbach-ch"]
[Site "Bergisch Gladbach"]
[Date "2005.10.07"]
[Round "7"]
[White "Raupach, Gregor"]
[Black "Bloemer, Guenter"]
[Result "1-0"]
[WhiteElo "1892"]
[BlackElo "1408"]
[PlyCount "63"]
[EventDate "2005.08.26"]
[EventType "swiss"]
[EventRounds "7"]
[EventCountry "GER"]
[SourceTitle "CBM 108 Extra"]
[Source "ChessBase"]
[SourceDate "2005.11.04"]
[SourceVersion "1"]
[SourceVersionDate "2005.11.04"]
[SourceQuality "1"]

1. d4 d5 2. Nf3 e6 3. Bg5 Nf6 4. e3 Be7 5. Nbd2 c5 6. Ne5 a6 7. c3 h6 8. Bf4 Qb6 9. Bd3 c4 10. Bxc4 Qxb2 11. Rb1 Qxc3 12. Bd3 0-0 13. g4 Nbd7 14. Ke2 Nxe5 15. dxe5 Nd7 16. Nf3 g5 17. Bg3 f6 18. Rb3 Qc7 19. Qb1 Rf7 20. exf6 Qd8 21. fxe7 Qxe7 22. Ne5 Nxe5 23. Bxe5 b5 24. Rc3 Qf8 25. Bh7+ Rxh7 26. Qg6+ Rg7 27. Bxg7 Qxg7 28. Rxc8+ Rxc8 29. Qxe6+ Kh7 30. Qf5+ Qg6 31. Qxc8 Qe4 32. Qf5+ 1-0

[Event "Cologne-ch"]
[Site "Cologne"]
[Date "2005.10.02"]
[Round "6.10"]
[White "Raupach, Gregor"]
[Black "Lukovski, Lev"]
[Result "1-0"]
[WhiteElo "1892"]
[BlackElo "2095"]
[PlyCount "71"]
[EventDate "2005.08.29"]
[EventType "swiss"]
[EventRounds "7"]
[EventCountry "GER"]
[SourceTitle "EXT 2006"]
[Source "ChessBase"]
[SourceDate "2005.11.24"]
[SourceVersion "1"]
[SourceVersionDate "2005.11.24"]
[SourceQuality "1"]

1. d4 Nf6 2. c4 e5 3. dxe5 Ng4 4. Bf4 Bb4+ 5. Nc3 Bxc3+ 6. bxc3 Nc6 7. Nf3 Qe7 8. Qd5 f6 9. exf6 Nxf6 10. Qd3 d6 11. g3 0-0 12. Bg2 Ne4 13. 0-0 Kh8 14. Nd4 Nc5 15. Nxc6 bxc6 16. Qe3 Qd7 17. Rfd1 Ne6 18. Qe4 Nxf4 19. gxf4 Bb7 20. e3 Rae8 21. Qd3 Qg4 22. h3 Qe6 23. Kh2 Rf5 24. Rab1 Ba6 25. Rb4 Rc5 26. e4 Bxc4 27. Qg3 Bxa2 28. Rb7 Rc8 29. Rxa7 Bb3 30. Rd3 Qg6 31. Qg4 Qe8 32. Rxd6 Rxc3 33. Rd7 g6 34. Rdxc7 Rxc7 35. Rxc7 Be6 36. Qh4 1-0